书目信息 |
| 题名: |
风险管理与保险
|
|
| 作者: | 闫东玲 , 刘俊 主编 | |
| 分册: | ||
| 出版信息: | 天津 天津大学出版社 2020.8 |
|
| 页数: | 371页 | |
| 开本: | 26cm | |
| 丛书名: | ||
| 单 册: | ||
| 中图分类: | F840.323 | |
| 科图分类: | ||
| 主题词: | 保险--bao xian--风险管理 | |
| 电子资源: | ||
| ISBN: | 978-7-5618-6613-9 | |
| 000 | 01049nam0 2200253 450 | |
| 001 | 2161457486 | |
| 005 | 20210930094229.0 | |
| 010 | @a978-7-5618-6613-9@dCNY68.00 | |
| 100 | @a20201126d2020 em y0chiy0120 ea | |
| 101 | 0 | @achi |
| 102 | @aCN@b120000 | |
| 105 | @aa z 000yy | |
| 106 | @ar | |
| 200 | 1 | @a风险管理与保险@Afeng xian guan li yu bao xian@dRisk management and insurance@f闫东玲,刘俊主编@zeng |
| 210 | @a天津@c天津大学出版社@d2020.8 | |
| 215 | @a371页@c图@d26cm | |
| 330 | @a本书除了包含传统风险管理与保险的经典内容外,还充分讲述了风险管理与保险在理论和实务方面的最新进展。本书主要内容包括:风险、风险管理、风险管理基本程序、风险管理与保险的关系、保险概述、保险合同、保险基本原则、保险监管、人身风险管理与保险、工程项目风险管理与保险、国际贸易风险管理与保险等。 | |
| 510 | 1 | @aRisk management and insurance@zeng |
| 606 | 0 | @a保险@Abao xian@x风险管理 |
| 690 | @aF840.323@v5 | |
| 701 | 0 | @a闫东玲@Ayan dong ling@4主编 |
| 701 | 0 | @a刘俊@Aliu juan@4主编 |
| 801 | 0 | @aCN@b百万庄@c20210929 |
| 905 | @b1302734-37@dF840.323@e141@f4 | |
| 风险管理与保险=Risk management and insurance/闫东玲,刘俊主编.-天津:天津大学出版社,2020.8 |
| 371页:图;26cm |
| ISBN 978-7-5618-6613-9:CNY68.00 |
| 本书除了包含传统风险管理与保险的经典内容外,还充分讲述了风险管理与保险在理论和实务方面的最新进展。本书主要内容包括:风险、风险管理、风险管理基本程序、风险管理与保险的关系、保险概述、保险合同、保险基本原则、保险监管、人身风险管理与保险、工程项目风险管理与保险、国际贸易风险管理与保险等。 |
| ● |
| 相关链接 |
|
|
|
|
正题名:风险管理与保险
索取号:F840.323/141
 
预约/预借
| 序号 | 登录号 | 条形码 | 馆藏地/架位号 | 状态 | 备注 |
| 1 | 1302734 | 213027348 | 第一样本阅览室/ [索取号:F840.323/141] | 在馆 | |
| 2 | 1302735 | 213027357 | 第一借阅区/ [索取号:F840.323/141] | 在馆 | |
| 3 | 1302736 | 213027366 | 第一借阅区/ [索取号:F840.323/141] | 在馆 | |
| 4 | 1302737 | 213027375 | 第一借阅区/ [索取号:F840.323/141] | 在馆 |